000 00892nam a2200289 4500
003 OSt
005 20260601170955.0
008 260508b1999\\\\at\a||||\||||\00|\0\eng\d
020 _a0958526133
040 _aICI
_bspa
_cICI
041 _aeng
050 _aNK1390.A8
_bD47 1999
245 1 _aDesign down under 5
264 _aAustralia :
_bDesign Down Under,
_c1999
300 _a259 páginas :
_bilustraciones
336 _atexto
_2rdacontent
337 _asin medio
_2rdamedia
338 _avolumen
_2rdacarrier
500 _aPublicación sobre diseño contemporáneo australiano
650 _aDiseño industrial
_zAustralia
_930533
650 _aDiseño australiano
_930534
650 _aArtes decorativas
_zAustralia
_930535
650 _aDiseño contemporáneo
650 _aDiseño gráfico
_zAustralia
_930537
655 _2local
_aAnuarios de diseño
_930538
942 _2lcc
_cB
_n1
999 _c19826
_d19826